| 000 | 00353nam a22001217a 4500 | ||
|---|---|---|---|
| 082 | _a220 PRO | ||
| 100 |
_aSHERJEEL,TALAL,USAMA, _971965 |
||
| 245 | _aPR-SOF-1248-t-Unmanned Ground Vehicle - V.T.A.M.P | ||
| 260 |
_aISLAMABAD _bNUST COLLEGE OF EME _c2013 |
||
| 650 | _aDE-MTS-31 | ||
| 700 |
_aSUPERVISOR DR JAVAID IQBAL,NASIR RASHID _971966 |
||
| 942 | _cCR | ||
| 999 |
_c578213 _d578213 |
||